Architecture tomorrow / (Record no. 352478)
[ view plain ]
| 000 -LEADER | |
|---|---|
| fixed length control field | 00687 a2200229 4500 |
| 003 - CONTROL NUMBER IDENTIFIER | |
| control field | OSt |
| 005 - DATE AND TIME OF LATEST TRANSACTION | |
| control field | 20180116192336.0 |
| 008 - FIXED-LENGTH DATA ELEMENTS--GENERAL INFORMATION | |
| fixed length control field | 120518t xxu||||| |||| 00| 0 eng d |
| 010 ## - LIBRARY OF CONGRESS CONTROL NUMBER | |
| LC control number | 2006382195 |
| 020 ## - INTERNATIONAL STANDARD BOOK NUMBER | |
| International Standard Book Number | 2879392861 |
| 035 ## - SYSTEM CONTROL NUMBER | |
| System control number | (CStRLIN)CTYA7246433-B |
| 035 ## - SYSTEM CONTROL NUMBER | |
| System control number | (CtY)7246433 |
| 040 ## - CATALOGING SOURCE | |
| Transcribing agency | 0 |
| 082 ## - DEWEY DECIMAL CLASSIFICATION NUMBER | |
| Classification number | 724.7 |
| 100 1# - MAIN ENTRY--PERSONAL NAME | |
| Personal name | Rambert, Francis. |
| 9 (RLIN) | 1698 |
| 245 10 - TITLE STATEMENT | |
| Title | Architecture tomorrow / |
| Statement of responsibility, etc. | Francis Rambert. |
| 260 ## - PUBLICATION, DISTRIBUTION, ETC. | |
| Place of publication, distribution, etc. | Paris, France : |
| Name of publisher, distributor, etc. | Terrail, |
| Date of publication, distribution, etc. | 2005. |
| 300 ## - PHYSICAL DESCRIPTION | |
| Extent | 255 p. : |
| Other physical details | ill. (some col.) ; |
| Dimensions | 30 cm. |
| 650 #0 - SUBJECT ADDED ENTRY--TOPICAL TERM | |
| Topical term or geographic name entry element | Architecture, Modern |
| Chronological subdivision | 21st century. |
| 9 (RLIN) | 1699 |
| 942 ## - ADDED ENTRY ELEMENTS (KOHA) | |
| Institution code [OBSOLETE] | SADA |
| Koha item type | Book |
| Call number prefix | 724.7 RAM 2005 |
| Source of classification or shelving scheme | |
| Withdrawn status | Lost status | Source of classification or shelving scheme | Damaged status | Not for loan | Permanent Location | Current Location | Date acquired | Total Checkouts | Total Renewals | Full call number | Barcode | Date last seen | Date last checked out | Cost, replacement price | Price effective from | Koha item type |
|---|---|---|---|---|---|---|---|---|---|---|---|---|---|---|---|---|
| School of Art Design and Architecture (SADA) | School of Art Design and Architecture (SADA) | 01/28/2011 | 6 | 2 | 724.7 RAM 2005 | SADA0000532 | 11/04/2013 | 10/11/2013 | 2886.00 | 08/05/2011 | Book |
